000 02729nam0a2200361 4500
001 RU\NLR\BIBL_A\011872308
005 20181212100002.0
010 _a978-5-903624-41-6
_9500
021 _aRU
_bКН-П-18-082298
_9КН-П-18-5958
035 _a(NLR Aleph) 011872308
035 _a(RuMoRGB)009789634
090 _a12211929
_c12211929
100 _a20181128d2018 u y0rusy50 ca
101 0 _arus
102 _aRU
105 _aa|||jzzz000zy
200 1 _aКлиническая анатомия и физиология органа зрения
_e[учебное пособие для медицинских вузов]
_fН. П. Паштаев, А. Н. Андреев
_gМинистерство здравоохранения Российской Федерации, Чебоксарский филиал Федерального государственного автономного учреждения Национальный медицинский исследовательский центр "Межотраслевой научно-технический комплекс "Микрохирургия глаза" имени академика С. Н. Фёдорова", Министерство образования и науки Российской Федерации, Федеральное государственное бюджетное образовательное учреждение высшего образования "Чувашский государственный университет имени И. Н. Ульянова"
210 _aМосква
_cОфтальмология
_d2018
215 _a295 с.
_cил., цв. ил.
_d26
320 _aБиблиогр.: с. 284-292 (91 назв.)
606 1 _aГлаз
_xАнатомия
_jУчебные издания для высших учебных заведений
_2nlr_sh1
_2nlr_sh2
_3RU\NLR\AUTH\66319724
606 1 _aГлаз
_xФизиология
_jУчебные издания для высших учебных заведений
_2nlr_sh1
_2nlr_sh2
_3RU\NLR\AUTH\66297187
606 1 _aГлаз
_xТопографическая анатомия
_jУчебные издания для высших учебных заведений
_2nlr_sh1
_2nlr_sh2
_3RU\NLR\AUTH\66296968
686 1 _aЕ992.4я732
686 1 _aЕ864.421я732
686 1 _aР675.4я73
700 1 _aПаштаев
_bН. П.
_gНиколай Петрович
701 1 _aАндреев
_bА. Н.
_cканд. мед. наук, офтальмология
_gАлексей Николаевич
_3RU\NLR\AUTH\770174197
942 _cBOOK
980 _aNBR
980 _aNB